[Event "Malmo op"]
[Site "Malmo"]
[Date "2017.12.15"]
[Round "1"]
[White "Nordahl, Nils"]
[Black "Tikkanen, Hans"]
[Result "0-1"]
[WhiteElo "1866"]
[BlackElo "2515"]
[PlyCount "72"]
[EventDate "2017.12.15"]
[EventType "swiss"]
[EventRounds "8"]
[EventCountry "SWE"]
[SourceTitle "CBM 182 Extra"]
[Source "ChessBase"]
[SourceDate "2018.02.23"]
[SourceVersion "1"]
[SourceVersionDate "2018.02.23"]
[SourceQuality "1"]

1. e4 c6 2. d4 d5 3. e5 c5 4. c3 Nc6 5. Nf3 Bg4 6. Be3 e6 7. Be2 Nge7 8. 0-0 Nf5 9. h3 Bxf3 10. Bxf3 Qb6 11. Qb3 Qxb3 12. axb3 cxd4 13. cxd4 Ncxd4 14. Nd2 Nxf3+ 15. Nxf3 Nxe3 16. fxe3 Bc5 17. Nd4 Ke7 18. Rfc1 Rac8 19. Kf2 a6 20. Rc3 Bb4 21. Rxc8 Rxc8 22. Ke2 Bc5 23. Kd3 Rc7 24. Rc1 Bb6 25. Rc3 Ba5 26. b4 Rxc3+ 27. bxc3 Bc7 28. Nf3 b6 29. g4 a5 30. bxa5 bxa5 31. Nd4 a4 32. c4 a3 33. cxd5 Bxe5 34. Nc6+ Kd6 35. Nxe5 Kxe5 36. dxe6 fxe6 0-1

[Event "GER CM02-A email"]
[Site "GER email"]
[Date "2015.06.25"]
[Round "?"]
[White "Baranowski, Tadeusz"]
[Black "Nordahl, Nils"]
[Result "1-0"]
[WhiteElo "2371"]
[BlackElo "2358"]
[PlyCount "91"]
[EventDate "2015.??.??"]
[EventType "tourn (corr)"]
[EventRounds "11"]
[EventCountry "GER"]
[SourceTitle "Corr 2017"]
[Source "ChessBase"]
[SourceDate "2017.09.19"]
[SourceVersion "1"]
[SourceVersionDate "2017.09.19"]
[SourceQuality "1"]

1. d4 Nf6 2. Nf3 g6 3. c4 Bg7 4. Nc3 0-0 5. e4 d6 6. Be2 e5 7. 0-0 Nc6 8. d5 Ne7 9. Be3 Ng4 10. Bd2 f5 11. Ng5 Nf6 12. f3 f4 13. Be1 h6 14. Nh3 Bxh3 15. gxh3 Nd7 16. b4 a5 17. a3 Nc8 18. Kh1 Bf6 19. Nb5 b6 20. Rg1 Kh7 21. Rg2 Na7 22. c5 dxc5 23. bxa5 bxa5 24. a4 Nc8 25. Na3 Nd6 26. Nc4 Nxc4 27. Bxc4 Be7 28. Rb2 Ra7 29. Rb5 Qa8 30. Bc3 Bd6 31. Qe1 Nb6 32. Be2 c4 33. Qg1 Ra6 34. Ra2 Rc8 35. Bf1 Re8 36. h4 Rg8 37. Qf2 h5 38. Qc2 g5 39. hxg5 Rxg5 40. Bh3 Kh6 41. Ra1 Qf8 42. Be1 Bc5 43. Bf2 Bb4 44. d6 Bxd6 45. Rd1 Rg8 46. Bf5 1-0

[Event "GER CM02-A email"]
[Site "GER email"]
[Date "2015.06.25"]
[Round "?"]
[White "Jankowiak, Andreas"]
[Black "Nordahl, Nils"]
[Result "1-0"]
[WhiteElo "2270"]
[BlackElo "2358"]
[PlyCount "119"]
[EventDate "2015.??.??"]
[EventType "tourn (corr)"]
[EventRounds "11"]
[EventCountry "GER"]
[SourceTitle "Corr 2017"]
[Source "ChessBase"]
[SourceDate "2017.09.19"]
[SourceVersion "1"]
[SourceVersionDate "2017.09.19"]
[SourceQuality "1"]

1. d4 Nf6 2. c4 g6 3. g3 Bg7 4. Bg2 d5 5. cxd5 Nxd5 6. Nf3 Nb6 7. Nc3 Nc6 8. e3 0-0 9. 0-0 Re8 10. Re1 a5 11. Qe2 Be6 12. Nd2 a4 13. Rd1 f5 14. Rb1 Bf7 15. b3 axb3 16. Nxb3 Nd5 17. Bd2 b6 18. Nxd5 Bxd5 19. Rdc1 e5 20. Bxd5+ Qxd5 21. Qc4 Ne7 22. Qxc7 Rxa2 23. Qxb6 exd4 24. exd4 Bxd4 25. Nxd4 Rxd2 26. Ne6 Qd7 27. Ng5 Rd6 28. Qb3+ Nd5 29. Rd1 Rd8 30. Rbc1 Qe7 31. h4 h6 32. Nf3 Kg7 33. Re1 Re6 34. Rxe6 Qxe6 35. Re1 Qf6 36. Qa4 Nb6 37. Qa6 Rd6 38. Qb5 Nd7 39. Re8 Kf7 40. Re3 Kg7 41. Qb4 Re6 42. Ra3 Re7 43. Ra6 Re6 44. Ra5 Re7 45. h5 gxh5 46. Nh4 Re5 47. Ra7 Rd5 48. Ng2 Rd4 49. Qe1 Rd6 50. Nf4 Kf7 51. Qb1 Qe5 52. Qb3+ Kg7 53. Nxh5+ Kg6 54. Nf4+ Kg7 55. Kh2 Qe1 56. Qb2+ Kh7 57. Nh5 Qe7 58. Qb5 Kg6 59. Nf4+ Kg7 60. Qxf5 1-0

[Event "GER CM02-A email"]
[Site "GER email"]
[Date "2015.06.25"]
[Round "?"]
[White "Langer, Raimund"]
[Black "Nordahl, Nils"]
[Result "1-0"]
[WhiteElo "2335"]
[BlackElo "2358"]
[PlyCount "105"]
[EventDate "2015.??.??"]
[EventType "tourn (corr)"]
[EventRounds "11"]
[EventCountry "GER"]
[SourceTitle "Corr 2017"]
[Source "ChessBase"]
[SourceDate "2017.09.19"]
[SourceVersion "1"]
[SourceVersionDate "2017.09.19"]
[SourceQuality "1"]

1. e4 e6 2. d4 d5 3. Nc3 Nf6 4. e5 Nfd7 5. f4 c5 6. Nf3 Nc6 7. Be3 cxd4 8. Nxd4 Bc5 9. Qd2 0-0 10. 0-0-0 a6 11. Nb3 b6 12. h4 Qc7 13. Kb1 Bb7 14. h5 h6 15. Rg1 Rad8 16. Ne2 f6 17. exf6 Bxe3 18. Qxe3 Nxf6 19. g4 Bc8 20. g5 hxg5 21. h6 g4 22. hxg7 Rf7 23. Ned4 Rxg7 24. Nxe6 Re8 25. f5 Nd8 26. Qh6 Nxe6 27. Qxf6 Nf4 28. Nd4 Qd8 29. Qc6 Rf8 30. Re1 Qf6 31. Ne6 Bxe6 32. fxe6 g3 33. Bxa6 g2 34. Bb5 Qe7 35. Qc3 Rf6 36. Bd7 Qf8 37. Qd4 Qe7 38. a4 Nh3 39. Rxg2 Rxg2 40. Qxf6 Qxf6 41. e7 Re2 42. Rxe2 Qf1+ 43. Ka2 Qxe2 44. e8Q+ Qxe8 45. Bxe8 Kf8 46. Bb5 Ke7 47. Kb3 Kd6 48. Kb4 Nf2 49. a5 bxa5+ 50. Kxa5 Ng4 51. b4 Ne5 52. Ka6 Kc7 53. Ba4 1-0